000 00775nam a22002057a 4500
999 _c3555
_d3555
003 AR-CdUCM
008 190306b ||||| |||| 00| 0 spa d
040 _aMUNICIPALIDAD PROVINCIAL DEL CUSCO
_cBIBLIOTECA MUNICIPAL DEL CUSCO
082 _a379.26 /
_bC81
100 _aCondori Tisoc, Renzon Larry
_911641
245 _aDerecho penal parte especial :
_bDelitos contra la vida humana /
260 _aCusco :
_bCondori Tisoc, Renzon Larry,
_c2011.
300 _a196 páginas ;
_c20 cm.
505 _aContenido: Delitos contra la vida humana -- Homicidio simple -- Sujeto activo -- Sujeto pasivo -- Tentativa -- Consumación ...
650 _aDerecho Penal
_95831
650 _aNormativa
_911642
650 _aCiencias Políticas
_93123
942 _2ddc
_cLIBROS
945 _aachl